000 00479nam a22001697a 4500
005 20251108171802.0
008 250721s9999 xx 000 0 ara d
082 1 4 _aط/333.913/إسق
100 1 _aالخطيب، أحمد شفيق
_eحقق
245 1 0 _aالإسقاء و الري /
264 1 _aبيروت :
_bمكتبة لبنان،
300 _a31ص : مص
490 0 _aكتب الفراشة ؛ 2 ؛ 16
650 1 7 _aالماء
942 _2ddc
_cBK
999 _c62451
_d62451